Boys' Names in Top 1000-M (2023) - Statistics

General Stats
  • This quiz has been taken 332 times
  • The average score is 32 of 74
Answer Stats
Answer % Correct
Michael
95%
Mikael
95%
Mark
93%
Mathew
90%
Matthew
90%
Marcos
84%
Marcus
84%
Martin
79%
Max
77%
Mason
74%
Mac
71%
Mack
71%
Mateo
64%
Matteo
64%
Miles
60%
Mitchell
60%
Myles
60%
Marvin
58%
Marco
57%
Milo
57%
Mylo
57%
Mohamed
56%
Mohammad
56%
Mohammed
56%
Muhammad
56%
Mario
55%
Morgan
53%
Maverick
51%
Maximilian
51%
Maxwell
51%
Marshall
49%
Melvin
49%
Manuel
47%
Miguel
47%
Malik
46%
Maurice
46%
Maximus
46%
Malcolm
45%
Moises
44%
Moses
44%
Marlon
43%
Micah
43%
Maddox
41%
Malachi
37%
Malakai
37%
Mathias
37%
Matthias
37%
Miller
37%
Marcel
28%
Milan
28%
Messiah
25%
Major
23%
Madden
22%
Maximiliano
21%
Murphy
21%
Makai
19%
Marcelo
19%
Mekhi
19%
Memphis
17%
Mael
14%
Magnus
14%
Matias
14%
Maximo
12%
Mauricio
11%
Marcellus
10%
Massimo
10%
Moshe
10%
Mustafa
8%
Musa
7%
Mccoy
6%
Mordechai
6%
Matheo
3%
Meir
1%
Misael
1%
No matching quizzes found
Score Distribution
Percent of People with Each Score
Percentile by Number Answered
Your Score History
You have not taken this quiz